Tunnista eläin luurangosta - Statistics

Yleistilastot
  • Tätä visaa on pelattu 173 kertaa
  • Keskiarvotulos 8 / 10
Vastaustilastot
Kuvavisa Vastaus % Oikein
kirahvi
99%
norsu
97%
käärme
96%
strutsi
96%
lepakko
95%
virtahepo
78%
majava
70%
delfiini
68%
pingviini
53%
gepardi
32%
Ehtoja vastaavia visoja ei löytynyt
Tulosjakauma
Jokaisen tuloksen saaneiden osuus
Persentiili vastausten määrän mukaan
Tuloshistoriasi
Et ole pelannut tätä visaa